Child Support Guidelines in Canada, 2006

Bibliographic Details
Main Author: Payne, Julien D.
Other Authors: Payne, Marilyn A.
Format: eBook
Language:English
Published: Toronto: Irwin Law Inc., 2006
Subjects:
Online Access:Acceso restringido

MARC

LEADER 00000nam a22000007a 4500
005 20210831130116.0
007 cr|||| ||||
008 210831s2006 ca |||||s|||| 00||0 eng d
020 |a 9781459313538 
035 |a 35281 
040 |a vLex 
090 |c 12170  |d 12170 
100 1 |a Payne, Julien D. 
245 1 0 |a Child Support Guidelines in Canada, 2006  |h [Recurso electrn̤ico] /  |c Julien D. Payne, Marilyn A. Payne 
256 |a Servicio en ln̕ea 
260 |a Toronto:  |b Irwin Law Inc.,  |c 2006 
300 |a 1 recurso electrn̤ico 
506 1 |a Disponible solo en los productos indicados  |d vLex Global  |d vLex Global (Academic Edition, excluding Law Schools)  |d vLex Global (U.S. Academic Edition, Law Schools)  |d vLex Global (U.S. Academic Edition, excluding Law Schools)  |d vLex Global (Academic Edition, Law Schools) 
650 0 4 |a Derecho Pb︢lico y Administrativo  |z Canad̀ 
700 1 |a Payne, Marilyn A. 
740 0 |a vLex Libros (Servicio en ln̕ea) 
856 4 0 |u https://app.vlex.com/#/sources/35281  |z Acceso restringido 
942 |c BOOK 
999 0 |a Public and Administrative Law